000
00306nam a22000977a 4500
008
130906b xxu||||| |||| 00| 0 eng d
010
_a
HCCSF-119
245
_a
High Court Civil Suit No. 1650 of 1976 Ahmed Mohammed vs Justice M. Wamala
260
_a
Uganda High Court
_c
25/3/1977
500
_3
Justice D.L.K. Lubogo
999
_c
5733
_d
5733